<?xml version="1.0" encoding="UTF-8"?>
<marc:record xmlns:marc="http://www.loc.gov/MARC21/slim">
   <marc:leader>00000nam a2200000 a 4500</marc:leader>
   <marc:datafield ind1="1" ind2=" " tag="100">
      <marc:subfield code="a">Joyce, Rachel</marc:subfield>
      <marc:subfield code="4">aut</marc:subfield>
      <marc:subfield code="e">Verfasser/-in</marc:subfield>
   </marc:datafield>
   <marc:datafield ind1=" " ind2=" " tag="653">
      <marc:subfield code="a">Roman</marc:subfield>
   </marc:datafield>
   <marc:datafield ind1=" " ind2=" " tag="653">
      <marc:subfield code="a">Glück</marc:subfield>
   </marc:datafield>
   <marc:datafield ind1=" " ind2=" " tag="653">
      <marc:subfield code="a">Musik</marc:subfield>
   </marc:datafield>
   <marc:datafield ind1="0" ind2="0" tag="245">
      <marc:subfield code="a">Mister Franks fabelhaftes Talent für Harmonie</marc:subfield>
   </marc:datafield>
   <marc:datafield ind1=" " ind2="1" tag="264">
      <marc:subfield code="b">Fischer</marc:subfield>
      <marc:subfield code="c">2019</marc:subfield>
   </marc:datafield>
   <marc:datafield ind1="1" ind2=" " tag="520">
      <marc:subfield code="a">Mister Frank hat eine besondere Gabe: Er spürt, welche Musik die Menschen brauchen, um glücklich zu werden. In Franks Plattenladen in einer vergessenen Ecke der Stadt treffen sich Nachbarn, Kunden und die anderen Ladenbesitzer der Straße und hören Klassik und Jazz, Pop und Punk. Keiner weiß, wie lange sie hier noch überleben können. Da taucht eines Tages die Frau in Grün vor Franks Schaufenster auf. Sosehr er sich auch bemüht, Frank kann einfach nicht hören, welche Musik in ihr klingt ...</marc:subfield>
   </marc:datafield>
   <marc:datafield ind1=" " ind2=" " tag="020">
      <marc:subfield code="a">9783596198658</marc:subfield>
      <marc:subfield code="9">9783596198658</marc:subfield>
   </marc:datafield>
</marc:record>
